000 00785nam a2200253Ia 4500
003 OSt
005 20221005035954.0
006 a|||||r|||| 00| 0
007 ta
008 221004b |||||||| |||| 00| 0 eng d
020 _a8173045984 (hbk)
_c750
024 _a91240
037 _bG-3894, 17/12/2008, Manohar Publisher & Distributors
_cTextual
040 _aCRL
_cCRL
_beng
041 _2eng
_aeng
082 _aV44974:91.N9, P5
100 _aBaral Lok Raj Ed.
_9557206
245 0 _aElection and governance in Nepal
260 _aDelhi
_bManohar India
_c2005
300 _a309p.
_ccm.
650 _aHISTORY
942 _hV44974:91.N9, P5
_cTEXL
_2cc
999 _c946126
_d946126